<?xml version="1.0" encoding="UTF-8"?>
<record
    xmlns:xsi="http://www.w3.org/2001/XMLSchema-instance"
    xsi:schemaLocation="http://www.loc.gov/MARC21/slim http://www.loc.gov/standards/marcxml/schema/MARC21slim.xsd"
    xmlns="http://www.loc.gov/MARC21/slim">

  <leader>00874nam a2200157   4500</leader>
  <controlfield tag="008">701.18 AL454s</controlfield>
  <datafield tag="020" ind1=" " ind2=" ">
    <subfield code="a">9786076053690</subfield>
  </datafield>
  <datafield tag="082" ind1=" " ind2=" ">
    <subfield code="a">701.18</subfield>
    <subfield code="b">AL454s</subfield>
  </datafield>
  <datafield tag="100" ind1=" " ind2=" ">
    <subfield code="a">Alonso Atienza, Loreto</subfield>
    <subfield code="9">6483</subfield>
  </datafield>
  <datafield tag="245" ind1=" " ind2=" ">
    <subfield code="a">Sin afuera aparente:</subfield>
    <subfield code="b">hacia una ecolog&#xED;a de pantallas y humanos</subfield>
  </datafield>
  <datafield tag="260" ind1=" " ind2=" ">
    <subfield code="a">Ciudad de M&#xE9;xico</subfield>
    <subfield code="b">Instituto Nacional de Bellas Artes y Literatura</subfield>
    <subfield code="c">2016</subfield>
  </datafield>
  <datafield tag="300" ind1=" " ind2=" ">
    <subfield code="a">19 p.</subfield>
    <subfield code="b">ill</subfield>
    <subfield code="c">20.5 x 13.5 cm</subfield>
  </datafield>
  <datafield tag="440" ind1=" " ind2=" ">
    <subfield code="n">Colecci&#xF3;n Abrevian Ensayos</subfield>
    <subfield code="v">6ta serie</subfield>
    <subfield code="9">6484</subfield>
  </datafield>
  <datafield tag="505" ind1=" " ind2=" ">
    <subfield code="t">I. Lo tecnocient&#xED;fico y la l&#xF3;gica cultural</subfield>
    <subfield code="t">II. Las interfaces tecnol&#xF3;gicas, entre la presencia y la presentaci&#xF3;n</subfield>
    <subfield code="t">III. Sujetos, comunidades e im&#xE1;genes afectadas</subfield>
    <subfield code="t">IV. Sin botones de apagado. Pantallas como interfaces de control</subfield>
    <subfield code="t">V. Sin afuera aparente</subfield>
    <subfield code="t">Referencias bibliogr&#xE1;ficas</subfield>
  </datafield>
  <datafield tag="650" ind1=" " ind2=" ">
    <subfield code="x">arte contempor&#xE1;neo</subfield>
    <subfield code="x">arte - cr&#xED;tica e interpretaci&#xF3;n</subfield>
    <subfield code="x">arte - ensayos</subfield>
    <subfield code="x">arte - tecnolog&#xED;a</subfield>
    <subfield code="9">6485</subfield>
  </datafield>
  <datafield tag="999" ind1=" " ind2=" ">
    <subfield code="c">1535</subfield>
    <subfield code="d">1535</subfield>
  </datafield>
  <datafield tag="952" ind1=" " ind2=" ">
    <subfield code="0">0</subfield>
    <subfield code="1">0</subfield>
    <subfield code="2">ddc</subfield>
    <subfield code="4">0</subfield>
    <subfield code="7">0</subfield>
    <subfield code="a">LV</subfield>
    <subfield code="b">LV</subfield>
    <subfield code="c">Pensamiento</subfield>
    <subfield code="d">2018-07-07</subfield>
    <subfield code="l">0</subfield>
    <subfield code="o">701.18 AL454s</subfield>
    <subfield code="p">004625</subfield>
    <subfield code="r">2018-07-07 00:00:00</subfield>
    <subfield code="w">2018-07-07</subfield>
    <subfield code="y">01</subfield>
  </datafield>
</record>
